{"text_format":"3","workbook":"xlsx","n_sheets":1,"sheets":["t471"],"read":"whole","date_system":"1900"}

{"sheet":"t471","index":0,"n_rows":181,"n_cols":7,"rows_kept":181,"merged":[[0,0,0,6],[30,0,30,5],[47,0,47,5],[154,0,154,5]]}
["TABELA 471.1 - Estatísticas Agrícolas, Município de Reginópolis, Estado de São Paulo, 2007/08."]
["ITEM","UNIDADE","N.DE UPAs","MÍNIMO","MÉDIO","MÁXIMO","TOTAL"]
["Distância à sede do município","km",257,0.1,{"v":7.85,"d":"7.9"},{"v":48,"d":"48.0"},"-"]
["Área total","hectare",257,0.6,{"v":151.51,"d":"151.5"},{"v":3340.6,"d":"3,340.6"},{"v":38937.3,"d":"38,937.3"}]
["Área com cultura perene","hectare",40,0.1,{"v":115.89,"d":"115.9"},{"v":1085,"d":"1,085.0"},{"v":4635.6,"d":"4,635.6"}]
["Área com cultura temporária","hectare",140,0.1,{"v":50.15,"d":"50.2"},{"v":1000,"d":"1,000.0"},{"v":7020.4,"d":"7,020.4"}]
["Área com pastagem","hectare",227,0.4,{"v":91.02,"d":"91.0"},{"v":2279,"d":"2,279.0"},{"v":20660.7,"d":"20,660.7"}]
["Área com reflorestamento","hectare",35,0.2,{"v":13.82,"d":"13.8"},{"v":200,"d":"200.0"},483.8]
["Área com vegetação natural","hectare",111,0.1,{"v":42.45,"d":"42.5"},{"v":1360.8,"d":"1,360.8"},{"v":4712,"d":"4,712.0"}]
["Área com vegetação de brejo e várzea","hectare",62,0.1,{"v":10.68,"d":"10.7"},304.4,662.1]
["Área em descanso","hectare",12,0.1,{"v":9.24,"d":"9.2"},34.8,110.9]
["Área complementar","hectare",226,0.1,{"v":2.88,"d":"2.9"},{"v":100,"d":"100.0"},651.8]
["Área das UPAs com (0, 1] ha","hectare",2,0.6,0.7,0.8,1.4]
["Área das UPAs com (1, 2] ha","hectare",9,1.2,{"v":1.49,"d":"1.5"},{"v":2,"d":"2.0"},13.4]
["Área das UPAs com (2, 5] ha","hectare",27,2.1,{"v":3.59,"d":"3.6"},{"v":5,"d":"5.0"},{"v":97,"d":"97.0"}]
["Área das UPAs com (5, 10] ha","hectare",30,{"v":6,"d":"6.0"},{"v":7.62,"d":"7.6"},9.8,228.6]
["Área das UPAs com (10, 20] ha","hectare",51,10.4,{"v":14.65,"d":"14.7"},19.9,747.2]
["Área das UPAs com (20, 50] ha","hectare",51,20.5,{"v":32.15,"d":"32.2"},{"v":49,"d":"49.0"},{"v":1639.5,"d":"1,639.5"}]
["Área das UPAs com (50, 100] ha","hectare",22,50.7,{"v":74.19,"d":"74.2"},{"v":100,"d":"100.0"},{"v":1632.2,"d":"1,632.2"}]
["Área das UPAs com (100, 200] ha","hectare",27,101.6,{"v":136.01,"d":"136.0"},193.6,{"v":3672.2,"d":"3,672.2"}]
["Área das UPAs com (200, 500] ha","hectare",19,201.4,{"v":285.85,"d":"285.9"},{"v":484,"d":"484.0"},{"v":5431.1,"d":"5,431.1"}]
["Área das UPAs com (500, 1.000] ha","hectare",7,517.9,{"v":667.89,"d":"667.9"},870.3,{"v":4675.2,"d":"4,675.2"}]
["Área das UPAs com (1.000, 2.000] ha","hectare",9,{"v":1048.7,"d":"1,048.7"},{"v":1411.24,"d":"1,411.2"},{"v":1876.8,"d":"1,876.8"},{"v":12701.2,"d":"12,701.2"}]
["Área das UPAs com (2.000, 5.000] ha","hectare",3,{"v":2313.5,"d":"2,313.5"},{"v":2699.43,"d":"2,699.4"},{"v":3340.6,"d":"3,340.6"},{"v":8098.3,"d":"8,098.3"}]
["Área das UPAs com (5.000, 10.000] ha","hectare","-","-","-","-","-"]
["Área das UPAs acima de 10.000 ha","hectare","-","-","-","-","-"]
["Familiares do proprietário que trabalham na UPA","unidade",155,{"v":1,"d":"1.0"},{"v":1.65,"d":"1.7"},{"v":6,"d":"6.0"},{"v":256,"d":"256.0"}]
["Trabalhadores permanentes","unidade",84,{"v":1,"d":"1.0"},{"v":6.58,"d":"6.6"},{"v":89,"d":"89.0"},{"v":553,"d":"553.0"}]
["Fonte: Secretaria de Agricultura e Abastecimento, CDRS/IEA, Projeto LUPA."]
[]
["TABELA 471.2 - Explorações Animais, Município de Reginópolis, Estado de São Paulo, 2007/08."]
["ITEM","UNIDADE","N.DE UPAs","MÍNIMO","MÉDIO","MÁXIMO","TOTAL"]
["Apicultura","colmeias",4,{"v":10,"d":"10.0"},27.5,{"v":50,"d":"50.0"},{"v":110,"d":"110.0"}]
["Asininos E Muares","cabeças",24,{"v":1,"d":"1.0"},{"v":3.79,"d":"3.8"},{"v":40,"d":"40.0"},{"v":91,"d":"91.0"}]
["Avicultura de Corte","cabeças/ano",4,{"v":40000,"d":"40,000.0"},{"v":53750,"d":"53,750.0"},{"v":60000,"d":"60,000.0"},{"v":215000,"d":"215,000.0"}]
["Bovinocultura de Corte","cabeças",99,{"v":3,"d":"3.0"},{"v":253.41,"d":"253.4"},{"v":4608,"d":"4,608.0"},{"v":25088,"d":"25,088.0"}]
["Bovinocultura Leiteira","cabeças",28,{"v":1,"d":"1.0"},{"v":36.46,"d":"36.5"},{"v":110,"d":"110.0"},{"v":1021,"d":"1,021.0"}]
["Bovinocultura Mista","cabeças",50,{"v":3,"d":"3.0"},32.6,{"v":160,"d":"160.0"},{"v":1630,"d":"1,630.0"}]
["Bubalinocultura","cabeças",1,{"v":12,"d":"12.0"},{"v":12,"d":"12.0"},{"v":12,"d":"12.0"},{"v":12,"d":"12.0"}]
["Caprinocultura","cabeças",4,{"v":2,"d":"2.0"},{"v":26.75,"d":"26.8"},{"v":64,"d":"64.0"},{"v":107,"d":"107.0"}]
["Equinocultura","cabeças",99,{"v":1,"d":"1.0"},{"v":6.13,"d":"6.1"},{"v":114,"d":"114.0"},{"v":607,"d":"607.0"}]
["Helicicultura","viveiros",1,{"v":2,"d":"2.0"},{"v":2,"d":"2.0"},{"v":2,"d":"2.0"},{"v":2,"d":"2.0"}]
["Ovinocultura","cabeças",16,{"v":2,"d":"2.0"},{"v":49.25,"d":"49.3"},{"v":200,"d":"200.0"},{"v":788,"d":"788.0"}]
["Piscicultura","m² tanques",3,{"v":6,"d":"6.0"},{"v":1068.67,"d":"1,068.7"},{"v":2500,"d":"2,500.0"},{"v":3206,"d":"3,206.0"}]
["Suinocultura","cabeças",38,{"v":1,"d":"1.0"},{"v":13.34,"d":"13.3"},{"v":60,"d":"60.0"},{"v":507,"d":"507.0"}]
["Fonte: Secretaria de Agricultura e Abastecimento, CDRS/IEA, Projeto LUPA."]
[]
["TABELA 471.3 -  Máquinas, Implementos e Benfeitorias, Município de Reginópolis, Estado de São Paulo, 2007/08."]
["ITEM","UNIDADE","N.DE UPAs","MÍNIMO","MÉDIO","MÁXIMO","TOTAL"]
["Arado Comum (Bacia, Aiveca)","Unidade",59,{"v":1,"d":"1.0"},{"v":1.31,"d":"1.3"},{"v":4,"d":"4.0"},{"v":77,"d":"77.0"}]
["Arado Escarificador","Unidade",4,{"v":1,"d":"1.0"},{"v":1,"d":"1.0"},{"v":1,"d":"1.0"},{"v":4,"d":"4.0"}]
["Arado Subsolador","Unidade",13,{"v":1,"d":"1.0"},{"v":1.15,"d":"1.2"},{"v":3,"d":"3.0"},{"v":15,"d":"15.0"}]
["Batedeira de Cereais","Unidade",5,{"v":1,"d":"1.0"},1.2,{"v":2,"d":"2.0"},{"v":6,"d":"6.0"}]
["Carregadeira de Cana","Unidade",2,{"v":1,"d":"1.0"},{"v":1,"d":"1.0"},{"v":1,"d":"1.0"},{"v":2,"d":"2.0"}]
["Colhedeira Acoplada","Unidade",6,{"v":1,"d":"1.0"},{"v":1.17,"d":"1.2"},{"v":2,"d":"2.0"},{"v":7,"d":"7.0"}]
["Colhedeira Automotriz","Unidade",3,{"v":1,"d":"1.0"},{"v":1.67,"d":"1.7"},{"v":3,"d":"3.0"},{"v":5,"d":"5.0"}]
["Computador","Unidade",10,{"v":1,"d":"1.0"},1.7,{"v":4,"d":"4.0"},{"v":17,"d":"17.0"}]
["Conj.Irrigação Autopropelido","Unidade",1,{"v":2,"d":"2.0"},{"v":2,"d":"2.0"},{"v":2,"d":"2.0"},{"v":2,"d":"2.0"}]
["Conj.Irrigação Convencional","Unidade",6,{"v":1,"d":"1.0"},{"v":1,"d":"1.0"},{"v":1,"d":"1.0"},{"v":6,"d":"6.0"}]
["Conj.Irrigação Pivot Central","Unidade",1,{"v":1,"d":"1.0"},{"v":1,"d":"1.0"},{"v":1,"d":"1.0"},{"v":1,"d":"1.0"}]
["Conj.Irrigação/Gotejamento/Microaspersão","Unidade",37,{"v":1,"d":"1.0"},{"v":1.81,"d":"1.8"},{"v":6,"d":"6.0"},{"v":67,"d":"67.0"}]
["Conjunto de Fenação","Unidade",3,{"v":1,"d":"1.0"},{"v":1.33,"d":"1.3"},{"v":2,"d":"2.0"},{"v":4,"d":"4.0"}]
["Desintegrador de Palha (Plantio Direto)","Unidade",1,{"v":1,"d":"1.0"},{"v":1,"d":"1.0"},{"v":1,"d":"1.0"},{"v":1,"d":"1.0"}]
["Desintegrador, Picador, Triturador","Unidade",72,{"v":1,"d":"1.0"},{"v":1.03,"d":"1.0"},{"v":2,"d":"2.0"},{"v":74,"d":"74.0"}]
["Distribuidor de Calcário","Unidade",32,{"v":1,"d":"1.0"},{"v":1.28,"d":"1.3"},{"v":3,"d":"3.0"},{"v":41,"d":"41.0"}]
["Ensiladeira","Unidade",33,{"v":1,"d":"1.0"},{"v":1.21,"d":"1.2"},{"v":4,"d":"4.0"},{"v":40,"d":"40.0"}]
["Grade Aradora (Tipo Romi)","Unidade",30,{"v":1,"d":"1.0"},{"v":1.47,"d":"1.5"},{"v":4,"d":"4.0"},{"v":44,"d":"44.0"}]
["Grade Niveladora","Unidade",49,{"v":1,"d":"1.0"},{"v":1.22,"d":"1.2"},{"v":3,"d":"3.0"},{"v":60,"d":"60.0"}]
["Implementos para Tração Animal","Unidade",21,{"v":1,"d":"1.0"},{"v":2.05,"d":"2.1"},{"v":6,"d":"6.0"},{"v":43,"d":"43.0"}]
["Microtrator","Unidade",2,{"v":1,"d":"1.0"},{"v":1,"d":"1.0"},{"v":1,"d":"1.0"},{"v":2,"d":"2.0"}]
["Misturador de Ração","Unidade",4,{"v":1,"d":"1.0"},1.5,{"v":3,"d":"3.0"},{"v":6,"d":"6.0"}]
["Ordenhadeira Mecânica","Unidade",5,{"v":1,"d":"1.0"},{"v":1,"d":"1.0"},{"v":1,"d":"1.0"},{"v":5,"d":"5.0"}]
["Pulverizador Tratorizado","Unidade",31,{"v":1,"d":"1.0"},{"v":2.13,"d":"2.1"},{"v":6,"d":"6.0"},{"v":66,"d":"66.0"}]
["Resfriador de Leite, Tanque Expansão","Unidade",11,{"v":1,"d":"1.0"},{"v":1,"d":"1.0"},{"v":1,"d":"1.0"},{"v":11,"d":"11.0"}]
["Semeadeira/Adubadeira para Plantio Convencional","Unidade",20,{"v":1,"d":"1.0"},{"v":1.05,"d":"1.1"},{"v":2,"d":"2.0"},{"v":21,"d":"21.0"}]
["Semeadeira/Plantadeira Plantio Direto","Unidade",8,{"v":1,"d":"1.0"},{"v":1.38,"d":"1.4"},{"v":3,"d":"3.0"},{"v":11,"d":"11.0"}]
["Terraceador","Unidade",7,{"v":1,"d":"1.0"},{"v":1,"d":"1.0"},{"v":1,"d":"1.0"},{"v":7,"d":"7.0"}]
["Trator de Esteiras","Unidade",3,{"v":1,"d":"1.0"},{"v":1,"d":"1.0"},{"v":1,"d":"1.0"},{"v":3,"d":"3.0"}]
["Trator de Pneus","Unidade",72,{"v":1,"d":"1.0"},{"v":2.51,"d":"2.5"},{"v":25,"d":"25.0"},{"v":181,"d":"181.0"}]
["Açude/Represa","Unidade",75,{"v":1,"d":"1.0"},{"v":2.39,"d":"2.4"},{"v":12,"d":"12.0"},{"v":179,"d":"179.0"}]
["Almoxarifado/Oficina","Unidade",18,{"v":1,"d":"1.0"},{"v":1.22,"d":"1.2"},{"v":4,"d":"4.0"},{"v":22,"d":"22.0"}]
["Armazém para Grãos Ensacados","Sacas",3,{"v":1,"d":"1.0"},{"v":334,"d":"334.0"},{"v":1000,"d":"1,000.0"},{"v":1002,"d":"1,002.0"}]
["Balança para Bovinos","Unidade",11,{"v":1,"d":"1.0"},{"v":1.09,"d":"1.1"},{"v":2,"d":"2.0"},{"v":12,"d":"12.0"}]
["Balança para Veículos","Unidade",1,{"v":1,"d":"1.0"},{"v":1,"d":"1.0"},{"v":1,"d":"1.0"},{"v":1,"d":"1.0"}]
["Barracão para Bicho da Seda/Sirgaria","Unidade",1,{"v":1,"d":"1.0"},{"v":1,"d":"1.0"},{"v":1,"d":"1.0"},{"v":1,"d":"1.0"}]
["Barracão para Granja/Avicultura","Unidade",7,{"v":1,"d":"1.0"},{"v":1.29,"d":"1.3"},{"v":3,"d":"3.0"},{"v":9,"d":"9.0"}]
["Barracão/Galpão/Garagem","Unidade",64,{"v":1,"d":"1.0"},{"v":1.14,"d":"1.1"},{"v":2,"d":"2.0"},{"v":73,"d":"73.0"}]
["Casa de Moradia Habitada","Unidade",139,{"v":1,"d":"1.0"},{"v":2.06,"d":"2.1"},{"v":24,"d":"24.0"},{"v":286,"d":"286.0"}]
["Casa de Moradia Total","Unidade",167,{"v":1,"d":"1.0"},{"v":2.38,"d":"2.4"},{"v":30,"d":"30.0"},{"v":397,"d":"397.0"}]
["Curral/Mangueira","Unidade",149,{"v":1,"d":"1.0"},{"v":1.03,"d":"1.0"},{"v":2,"d":"2.0"},{"v":153,"d":"153.0"}]
["Depósito/Tulha","Unidade",118,{"v":1,"d":"1.0"},{"v":1.17,"d":"1.2"},{"v":3,"d":"3.0"},{"v":138,"d":"138.0"}]
["Estábulo","Unidade",12,{"v":1,"d":"1.0"},{"v":1.17,"d":"1.2"},{"v":2,"d":"2.0"},{"v":14,"d":"14.0"}]
["Estufa/Plasticultura","m²",43,{"v":1,"d":"1.0"},{"v":6372.35,"d":"6,372.4"},{"v":160000,"d":"160,000.0"},{"v":274011,"d":"274,011.0"}]
["Fábrica de Ração","Unidade",5,{"v":1,"d":"1.0"},1.2,{"v":2,"d":"2.0"},{"v":6,"d":"6.0"}]
["Instalações para Equinos","Unidade",4,{"v":1,"d":"1.0"},{"v":14.75,"d":"14.8"},{"v":52,"d":"52.0"},{"v":59,"d":"59.0"}]
["Máquina de Benefício","Unidade",3,{"v":1,"d":"1.0"},{"v":1,"d":"1.0"},{"v":1,"d":"1.0"},{"v":3,"d":"3.0"}]
["Pocilga","Unidade",10,{"v":1,"d":"1.0"},{"v":1,"d":"1.0"},{"v":1,"d":"1.0"},{"v":10,"d":"10.0"}]
["Poço Semi-Artesiano","Unidade",71,{"v":1,"d":"1.0"},1.1,{"v":2,"d":"2.0"},{"v":78,"d":"78.0"}]
["Posto Meteorológico","Unidade",6,{"v":1,"d":"1.0"},{"v":1,"d":"1.0"},{"v":1,"d":"1.0"},{"v":6,"d":"6.0"}]
["Secador de Grãos","Unidade",1,{"v":1,"d":"1.0"},{"v":1,"d":"1.0"},{"v":1,"d":"1.0"},{"v":1,"d":"1.0"}]
["Silo para Grãos","t",2,{"v":120,"d":"120.0"},{"v":465,"d":"465.0"},{"v":810,"d":"810.0"},{"v":930,"d":"930.0"}]
["Silo para Silagem","t",5,{"v":1,"d":"1.0"},{"v":1658.2,"d":"1,658.2"},{"v":8000,"d":"8,000.0"},{"v":8291,"d":"8,291.0"}]
["Terreiro","m²",18,{"v":1,"d":"1.0"},{"v":950.67,"d":"950.7"},{"v":5096,"d":"5,096.0"},{"v":17112,"d":"17,112.0"}]
["Fonte: Secretaria de Agricultura e Abastecimento, CDRS/IEA, Projeto LUPA."]
[]
["TABELA 471.4 - Outras Estatísticas Agrícolas, Município de Reginópolis, Estado de São Paulo, 2007/08."]
["ITEM","Número de UPAs",null,"Percentual"]
["Faz Parte de Associação de Produtores",46,null,{"v":17.898832684824903,"d":"17.9"}]
["Faz Parte de Cooperativa de Produtores",61,null,{"v":23.735408560311285,"d":"23.7"}]
["Faz Parte do Sindicato de Produtores",8,null,{"v":3.11284046692607,"d":"3.1"}]
["Não utiliza assistência técnica ",87,null,{"v":33.85214007782101,"d":"33.9"}]
["Utiliza somente assistência técnica governamental ",90,null,{"v":35.01945525291829,"d":"35.0"}]
["Utiliza somente assistência técnica privada ",31,null,{"v":12.062256809338521,"d":"12.1"}]
["Utiliza assistência técnica tanto governamental quanto privada",49,null,{"v":19.06614785992218,"d":"19.1"}]
["Utiliza Crédito Rural",74,null,{"v":28.793774319066145,"d":"28.8"}]
["Utiliza Seguro Rural",19,null,{"v":7.392996108949417,"d":"7.4"}]
["Utiliza Escrituração Agrícola",58,null,{"v":22.568093385214006,"d":"22.6"}]
["Acessa Internet p/ Fins na Agropecuária",47,null,{"v":18.28793774319066,"d":"18.3"}]
["Utiliza Computador nas Atividades Agropecuárias",38,null,{"v":14.785992217898832,"d":"14.8"}]
["Utiliza Energia Elétrica Para Uso na Atividade Agrícola",202,null,{"v":78.59922178988327,"d":"78.6"}]
["Realiza Análise de Solo, quando necessário",112,null,{"v":43.579766536964975,"d":"43.6"}]
["Utiliza Práticas de Conservação de Solo, quando necessário",120,null,{"v":46.69260700389105,"d":"46.7"}]
["Faz Adubação Mineral, quando necessário",145,null,{"v":56.420233463035025,"d":"56.4"}]
["Faz Adubação Orgânica, quando necessário",84,null,{"v":32.68482490272373,"d":"32.7"}]
["Faz Adubação Verde, quando necessário",5,null,{"v":1.945525291828794,"d":"1.9"}]
["Utiliza Manejo Integrado de Pragas (MIP)",5,null,{"v":1.945525291828794,"d":"1.9"}]
["Utiliza Hidroponia",1,null,{"v":0.38910505836575876,"d":"0.4"}]
["Utiliza Plasticultura",34,null,{"v":13.229571984435797,"d":"13.2"}]
["Utiliza Mudas Fiscalizadas",71,null,{"v":27.62645914396887,"d":"27.6"}]
["Utiliza Semente Melhorada",100,null,{"v":38.91050583657587,"d":"38.9"}]
["Faz Confinamento de Bovinos",14,null,{"v":5.447470817120622,"d":"5.4"}]
["Utiliza Pastejo Intensivo",31,null,{"v":12.062256809338521,"d":"12.1"}]
["Faz Inseminação Artificial",7,null,{"v":2.723735408560311,"d":"2.7"}]
["Faz Mineralização do Rebanho",153,null,{"v":59.533073929961084,"d":"59.5"}]
["Faz Vermifugação do Rebanho",155,null,{"v":60.311284046692606,"d":"60.3"}]
["Possui Parceiros /Arrendatários na Exploração Animal",23,null,{"v":8.949416342412452,"d":"8.9"}]
["Esporte e lazer","-",null,"-"]
["Extração mineral",1,null,{"v":0.38910505836575876,"d":"0.4"}]
["Hotel Fazenda, Pousada ou SPA","-",null,"-"]
["Pesque-pague","-",null,"-"]
["Restaurante ou Lanchonete","-",null,"-"]
["Transformação artesanal","-",null,"-"]
["Turismo rural ou ecoturismo","-",null,"-"]
["Outras atividades econômicas rurais","-",null,"-"]
["Agroindústria","-",null,"-"]
["Proprietário sem instrução ou com instrução incompleta",17,null,{"v":6.614785992217898,"d":"6.6"}]
["Proprietário com antigo primário completo",83,null,{"v":32.295719844357976,"d":"32.3"}]
["Proprietário com 1° grau (ou antigo ginasial) completo",30,null,{"v":11.673151750972762,"d":"11.7"}]
["Proprietário com 2° grau (ou antigo colegial) completo",50,null,{"v":19.455252918287936,"d":"19.5"}]
["Proprietário com curso superior completo ",66,null,{"v":25.680933852140075,"d":"25.7"}]
["Pessoa Jurídica",11,null,{"v":4.280155642023346,"d":"4.3"}]
["Proprietário residente na própria UPA ",60,null,{"v":23.346303501945524,"d":"23.3"}]
["Fonte: Secretaria de Agricultura e Abastecimento, CDRS/IEA, Projeto LUPA."]
[]
["TABELA 471.5 - Área Cultivada, Município de Reginópolis, Estado de São Paulo, 2007/08."]
["CULTURA","N.DE UPAs","MÍNIMO","MÉDIO","MÁXIMO","TOTAL"]
["Braquiaria",207,0.4,{"v":95.83,"d":"95.8"},{"v":2279,"d":"2,279.0"},{"v":19836.9,"d":"19,836.9"}]
["Cana-de-acucar",105,0.1,{"v":49.81,"d":"49.8"},{"v":726,"d":"726.0"},{"v":5230.5,"d":"5,230.5"}]
["Laranja",14,{"v":7,"d":"7.0"},{"v":259.95,"d":"260.0"},{"v":1085,"d":"1,085.0"},{"v":3639.3,"d":"3,639.3"}]
["Amendoim",1,{"v":800,"d":"800.0"},{"v":800,"d":"800.0"},{"v":800,"d":"800.0"},{"v":800,"d":"800.0"}]
["Seringueira",9,2.4,{"v":82.32,"d":"82.3"},421.1,740.9]
["Eucalipto",35,0.2,{"v":13.82,"d":"13.8"},{"v":200,"d":"200.0"},483.8]
["Milho",35,0.5,{"v":11.87,"d":"11.9"},106.5,415.6]
["Gramas",27,0.5,{"v":13.52,"d":"13.5"},62.5,365.1]
["Sorgo-forrageiro",1,290.4,290.4,290.4,290.4]
["Cafe",16,0.1,{"v":15.18,"d":"15.2"},216.5,242.8]
["Girassol",1,{"v":200,"d":"200.0"},{"v":200,"d":"200.0"},{"v":200,"d":"200.0"},{"v":200,"d":"200.0"}]
["Melancia",6,0.2,{"v":32.17,"d":"32.2"},{"v":70,"d":"70.0"},{"v":193,"d":"193.0"}]
["Coloniao",14,1.2,{"v":12.02,"d":"12.0"},49.2,168.3]
["Tomate envarado",3,0.2,{"v":38.63,"d":"38.6"},115.5,115.9]
["Sorgo",2,{"v":3,"d":"3.0"},17.2,31.4,34.4]
["Pimentao",35,0.1,{"v":0.37,"d":"0.4"},1.6,12.8]
["Limao",2,5.6,6.3,{"v":7,"d":"7.0"},12.6]
["Tomate rasteiro",1,{"v":10,"d":"10.0"},{"v":10,"d":"10.0"},{"v":10,"d":"10.0"},{"v":10,"d":"10.0"}]
["Sorgo-vassoura",3,{"v":1,"d":"1.0"},2.6,4.8,7.8]
["Pepino",4,0.1,{"v":0.15,"d":"0.2"},0.3,0.6]
["Centeio",1,0.3,0.3,0.3,0.3]
["Berinjela",1,0.1,0.1,0.1,0.1]
["Alface",1,0.1,0.1,0.1,0.1]
["Mandioca",1,0.1,0.1,0.1,0.1]
["Fonte: Secretaria de Agricultura e Abastecimento, CDRS/IEA, Projeto LUPA."]